000 00211nam a22000857a 4500
008 160914b xxu||||| |||| 00| 0 eng d
100 _9436
_aBan. P
245 _aCCE question Bank-IX (Hindi)
260 _aNew Delhi
_c2013
999 _c3095
_d3095